Spells for eternity : the ancient Egyptian Book of the dead /

محفوظ في:

المؤلف الرئيسي: Taylor, John H., 1958- (مؤلف)

مؤلف مشترك: British Museum.

التنسيق: كتاب

اللغة: English

منشور في: London : British Museum Press, 2010.

الموضوعات:

الوسوم: إضافة وسم

لا توجد وسوم, كن أول من يضع وسما على هذه التسجيلة!

رقم الطلب: PJ1557 .T39 2010

LEADER 01041nam a22003017a 4500
003 OSt
005 20251027075630.0
008 251027t2010 enka bc 000 0 eng d
010 |a 2011378408 
020 |a 9780714119908 
040 |c ARCE Library 
043 |a f-ua--- 
050 1 4 |a PJ1557  |b .T39 2010 
100 1 |a Taylor, John H.,  |d 1958-  |e author 
245 1 0 |a Spells for eternity :   |b the ancient Egyptian Book of the dead /   |c John H. Taylor. 
264 1 |a London :   |b British Museum Press,   |c 2010. 
300 |a 128 pages :   |b color Illustrations ;   |c 20 cm. 
500 |a "Drawing on the British Museum's outstanding collection of Book of the Dead papyri"--Front flyleaf. 
504 |a Includes bibliographical references (p. 128). 
610 2 0 |a British Museum  |v Catalogs and collections. 
630 0 0 |a Book of the dead  |v Illustrations. 
650 0 |a Eschatology, Egyptian. 
650 0 |a Death  |x Religious aspects. 
651 0 |a Egypt  |x Religion. 
710 2 |a British Museum. 
901 |a reviewed 
942 |c BK  |2 lcc 
999 |c 14278  |d 14278